Mars, Mars ou Mars ? - Statistiques

Statistiques générales
  • Ce quiz a été pris 89 fois
  • Le résultat moyen est 30 sur 40
Statistiques - réponses
Question Tuile Select % Correct
N'est présent que en un seul exemplaire Aucun Non
93%
A été inventé par l'Homme Aucun Non
93%
A été inventé par l'Homme Friandise Oui
93%
N'est présent que en un seul exemplaire Planète Oui
93%
A été inventé par l'Homme Planète Non
91%
Revient périodiquement Aucun Non
90%
Est en rapport avec "Milky Way" Aucun Non
90%
Revient périodiquement Mois Oui
90%
Est en rapport avec "Milky Way" Mois Non
90%
Possède le Tour de France Planète Non
90%
N'est présent que en un seul exemplaire Friandise Non
89%
Fais partie de la liste JFMAMJJASOND Friandise Non
88%
Est bon pour la santé Planète Non
88%
Possède le Tour de France Friandise Non
87%
Est bon pour la santé Friandise Non
87%
Fais partie de la liste JFMAMJJASOND Planète Non
85%
Fais partie de la liste JFMAMJJASOND Aucun Non
84%
L'Homme est déjà entré en contact avec Aucun Non
83%
Revient périodiquement Friandise Non
83%
Est en rapport avec "Milky Way" Friandise Oui
83%
Est bon pour la santé Mois Non
82%
Possède de l'eau Mois Non
80%
Est bon pour la santé Aucun Oui
79%
Fais partie de la liste JFMAMJJASOND Mois Oui
77%
Vient du nom d'une déesse Friandise Non
76%
L'Homme est déjà entré en contact avec Friandise Oui
74%
Possède de l'eau Aucun Non
73%
Possède le Tour de France Mois Non
72%
N'est présent que en un seul exemplaire Mois Oui
71%
A été inventé par l'Homme Mois Oui
70%
Vient du nom d'une déesse Mois Non
62%
Possède le Tour de France Aucun Oui
61%
Possède de l'eau Planète Oui
54%
L'Homme est déjà entré en contact avec Mois Non
49%
Possède de l'eau Friandise Oui
44%
L'Homme est déjà entré en contact avec Planète Non
43%
Vient du nom d'une déesse Planète Non
41%
Vient du nom d'une déesse Aucun Oui
38%
Est en rapport avec "Milky Way" Planète Oui
27%
Revient périodiquement Planète Oui
18%
Aucun quiz correspondant
Distribution des résultats
% des personnes avec chaque résultat
Percentile par nombre de réponses
Votre historique - résultats
Vous n’avez pas pris ce quiz